[Event "Aeroflot Open 2006"]
[Site "Moscu RUS"]
[Date "2006.02.10"]
[Round "3.19"]
[White "Huzman, Alexander"]
[Black "Moiseenko, Alexander"]
[Result "1-0"]
[WhiteElo "2573"]
[BlackElo "2657"]
[PlyCount "119"]
[EventDate "2006.02.08"]
[EventType "swiss"]
[EventRounds "9"]
[EventCountry "RUS"]
[Source "lmi"]
[SourceDate "2006.02.18"]

1. d4 Nf6 2. c4 e6 3. Nf3 d5 4. Nc3 Bb4 5. cxd5 exd5 6. Bg5 O-O 7. e3 c5 8. Bd3
c4 9. Bxf6 Qxf6 10. Bb1 Bxc3+ 11. bxc3 Nc6 12. Nd2 Qe7 13. a4 f5 14. O-O b6 15.
Re1 Be6 16. f3 Qh4 17. Nf1 Rae8 18. Ra2 Kh8 19. Rae2 h6 20. Bc2 Bd7 21. Qb1 Na5
22. Ng3 f4 23. exf4 Qxf4 24. Qd1 Nb3 25. Bxb3 cxb3 26. Qxb3 Rxe2 27. Rxe2 Qc1+
28. Kf2 Bc8 29. Qb2 Qxb2 30. Rxb2 Bd7 31. a5 bxa5 32. Rb7 Bc6 33. Rc7 Bb5 34.
Rxa7 a4 35. Ra5 Bc6 36. Ke3 Rb8 37. Nf5 Rb3 38. Ne7 a3 39. Nxc6 Rxc3+ 40. Kf4
Rxc6 41. Rxa3 Rc2 42. g4 Rxh2 43. Ra5 Kg8 44. Rxd5 Kf7 45. Rd7+ Kf6 46. Rd6+
Ke7 47. Ra6 Rf2 48. Ke4 Kf7 49. f4 g6 50. Ra7+ Kf6 51. Ra6+ Kf7 52. Ra7+ Kf6
53. Rh7 Rg2 54. Kf3 Rd2 55. Rxh6 Kg7 56. Ke3 Rg2 57. g5 Rg1 58. Ke4 Re1+ 59.
Kd5 Re8 60. Rh1 1-0

[Event "Aeroflot Open 2006"]
[Site "Moscu RUS"]
[Date "2006.02.10"]
[Round "3.20"]
[White "Izoria, Zviad"]
[Black "Rustemov, Alexander"]
[Result "1/2-1/2"]
[WhiteElo "2652"]
[BlackElo "2573"]
[PlyCount "46"]
[EventDate "2006.02.08"]
[EventType "swiss"]
[EventRounds "9"]
[EventCountry "RUS"]
[Source "lmi"]
[SourceDate "2006.02.18"]

1. e4 e5 2. Bc4 Nf6 3. d3 c6 4. Nf3 d5 5. Bb3 Bd6 6. exd5 Nxd5 7. O-O O-O 8.
Re1 Re8 9. Nc3 Nxc3 10. bxc3 Be6 11. Ng5 Bxb3 12. axb3 h6 13. Ne4 Bf8 14. Ba3
Nd7 15. Bxf8 Nxf8 16. b4 Qc7 17. g3 a6 18. Qg4 Re6 19. Nc5 Re7 20. f4 exf4 21.
Qxf4 Qd8 22. Qf2 Ne6 23. Nxe6 Rxe6 1/2-1/2

[Event "Aeroflot Open 2006"]
[Site "Moscu RUS"]
[Date "2006.02.10"]
[Round "3.22"]
[White "Sakaev, Konstantin"]
[Black "Shchekachev, Andrei"]
[Result "1/2-1/2"]
[WhiteElo "2649"]
[BlackElo "2570"]
[PlyCount "109"]
[EventDate "2006.02.08"]
[EventType "swiss"]
[EventRounds "9"]
[EventCountry "RUS"]
[Source "lmi"]
[SourceDate "2006.02.18"]

1. d4 Nf6 2. Nf3 g6 3. c4 Bg7 4. g3 O-O 5. Bg2 d6 6. Nc3 Nbd7 7. O-O a6 8. b3
Re8 9. e4 e5 10. d5 Nc5 11. Ne1 a5 12. Nd3 Nfd7 13. Be3 f5 14. Nxc5 Nxc5 15.
exf5 gxf5 16. Qd2 b6 17. Rad1 Bd7 18. Bg5 Bf6 19. f4 e4 20. Rde1 Qe7 21. Bxf6
Qxf6 22. Re3 Re7 23. Rb1 h5 24. h4 Kh8 25. Bf1 Rg8 26. Kh2 Reg7 27. Nd1 Rg6 28.
Qc3 Qxc3 29. Nxc3 Kg7 30. Be2 Kh6 31. Kg2 Ra8 32. Kf2 Rgg8 33. Bf1 Kg6 34. Ke1
Rgb8 35. Be2 Ra7 36. Kd2 Raa8 37. Bf1 Ra7 38. Rb2 Raa8 39. Rb1 Ra7 40. Ree1
Rba8 41. Ke3 Rh8 42. Be2 Rha8 43. Rec1 Rh8 44. a3 Rha8 45. Re1 Be8 46. Kd2 Bd7
47. Bf1 Be8 48. Re3 Kf6 49. Be2 Kg6 50. Kc1 Kf6 51. Kb2 Kg6 52. Rc1 Rb7 53. Kc2
Nd7 54. Rd1 Nf6 55. Kb2 1/2-1/2

[Event "Aeroflot Open 2006"]
[Site "Moscu RUS"]
[Date "2006.02.10"]
[Round "3.24"]
[White "Savchenko, Boris"]
[Black "Zhang, Pengxiang"]
[Result "1/2-1/2"]
[WhiteElo "2569"]
[BlackElo "2638"]
[PlyCount "67"]
[EventDate "2006.02.08"]
[EventType "swiss"]
[EventRounds "9"]
[EventCountry "RUS"]
[Source "lmi"]
[SourceDate "2006.02.18"]

1. e4 c5 2. Nf3 Nc6 3. Nc3 e5 4. Bc4 d6 5. d3 Be7 6. O-O Nf6 7. Ng5 O-O 8. f4
Bg4 9. Qe1 exf4 10. h3 Bh5 11. Bxf4 Na5 12. Bd5 Nc6 13. Nf3 Bxf3 14. Rxf3 Nd4
15. Rf2 Rb8 16. Qd2 b5 17. Raf1 b4 18. Nd1 Nxd5 19. exd5 f5 20. c3 bxc3 21.
bxc3 Nb5 22. d4 g5 23. Bh2 f4 24. h4 cxd4 25. c4 Nc3 26. Nxc3 dxc3 27. Qxc3 Bf6
28. Qd3 Be5 29. Qe4 Qb6 30. Kh1 Rbe8 31. Qf3 Qd4 32. Qg4 Kh8 33. hxg5 Qxc4 34.
g6 1/2-1/2

[Event "Aeroflot Open 2006"]
[Site "Moscu RUS"]
[Date "2006.02.10"]
[Round "3.25"]
[White "Predojevic, Borki"]
[Black "Movsesian, Sergei"]
[Result "1/2-1/2"]
[WhiteElo "2553"]
[BlackElo "2632"]
[PlyCount "22"]
[EventDate "2006.02.08"]
[EventType "swiss"]
[EventRounds "9"]
[EventCountry "RUS"]
[Source "lmi"]
[SourceDate "2006.02.18"]

1. e4 e6 2. d4 d5 3. Nc3 Bb4 4. Bd3 dxe4 5. Bxe4 Nf6 6. Bf3 O-O 7. Nge2 Nbd7 8.
O-O c6 9. Bf4 h6 10. Qd3 Be7 11. Rfe1 Nd5 1/2-1/2

[Event "Aeroflot Open 2006"]
[Site "Moscu RUS"]
[Date "2006.02.10"]
[Round "3.26"]
[White "Kharlov, Andrei"]
[Black "Volkov, Sergey"]
[Result "0-1"]
[WhiteElo "2558"]
[BlackElo "2629"]
[PlyCount "92"]
[EventDate "2006.02.08"]
[EventType "swiss"]
[EventRounds "9"]
[EventCountry "RUS"]
[Source "lmi"]
[SourceDate "2006.02.18"]

1. c4 Nf6 2. Nc3 e5 3. g3 Bb4 4. Bg2 O-O 5. e4 Bxc3 6. bxc3 c6 7. Qb3 Na6 8.
Ba3 Re8 9. Ne2 d6 10. O-O Nc5 11. Qc2 Qa5 12. Bb4 Qa6 13. d3 Ncxe4 14. dxe4 c5
15. Qb2 cxb4 16. cxb4 Qxc4 17. Rfd1 Qa6 18. Rd2 Be6 19. Rad1 Rac8 20. h3 h5 21.
Kh2 Rc7 22. a3 Rec8 23. Rxd6 Rc2 24. Qxc2 Rxc2 25. Rxa6 bxa6 26. Re1 Ra2 27.
Nc3 Rxa3 28. Nd5 a5 29. bxa5 Rxa5 30. Nxf6+ gxf6 31. Bf3 Ra2 32. Kg2 a5 33.
Bxh5 a4 34. Bg4 Bb3 35. Bd1 Be6 36. Bg4 Bc4 37. Rc1 Bd3 38. Kf3 Bc2 39. Bd7
Ra3+ 40. Kg4 Bxe4 41. Rc4 Bf3+ 42. Kf5 Kg7 43. Rxa4 Rd3 44. Bb5 Rd2 45. Bc4 Bd1
46. Ra2 Bc2+ 0-1

[Event "Aeroflot Open 2006"]
[Site "Moscu RUS"]
[Date "2006.02.10"]
[Round "3.27"]
[White "Galkin, Alexander"]
[Black "Dvoirys, Semen I"]
[Result "1/2-1/2"]
[WhiteElo "2616"]
[BlackElo "2551"]
[PlyCount "34"]
[EventDate "2006.02.08"]
[EventType "swiss"]
[EventRounds "9"]
[EventCountry "RUS"]
[Source "lmi"]
[SourceDate "2006.02.18"]

1. e4 c5 2. Nf3 d6 3. d4 cxd4 4. Nxd4 Nf6 5. Nc3 a6 6. Be3 e5 7. Nf3 Be7 8. Bc4
O-O 9. O-O Be6 10. Bb3 Nc6 11. Qe2 Na5 12. Rfd1 Nxb3 13. axb3 Qc7 14. Bg5 Nh5
15. Be3 Nf6 16. Bg5 Nh5 17. Be3 Qd8 1/2-1/2

[Event "Aeroflot Open 2006"]
[Site "Moscu RUS"]
[Date "2006.02.10"]
[Round "3.28"]
[White "Kempinski, Robert"]
[Black "Shaposhnikov, Evgeny"]
[Result "1-0"]
[WhiteElo "2619"]
[BlackElo "2553"]
[PlyCount "41"]
[EventDate "2006.02.08"]
[EventType "swiss"]
[EventRounds "9"]
[EventCountry "RUS"]
[Source "lmi"]
[SourceDate "2006.02.18"]

1. d4 Nf6 2. c4 e6 3. Nf3 b6 4. g3 Ba6 5. Qa4 Bb7 6. Bg2 c5 7. dxc5 bxc5 8. O-O
Be7 9. Nc3 O-O 10. Rd1 d6 11. Bf4 Qb6 12. Rd2 Nc6 13. Rad1 Nd4 14. Ne1 d5 15.
e3 Bc6 16. Qa3 Rfe8 17. Be5 Qb7 18. Bxf6 gxf6 19. Qa5 Qb4 20. Qxb4 cxb4 21.
Nxd5 1-0

[Event "Aeroflot Open 2006"]
[Site "Moscu RUS"]
[Date "2006.02.11"]
[Round "4.9"]
[White "Efimenko, Zahar"]
[Black "Wang, Yue"]
[Result "1/2-1/2"]
[WhiteElo "2666"]
[BlackElo "2599"]
[PlyCount "56"]
[EventDate "2006.02.08"]
[EventType "swiss"]
[EventRounds "9"]
[EventCountry "RUS"]
[Source "lmi"]
[SourceDate "2006.02.18"]

1. e4 c5 2. Nf3 Nc6 3. Bb5 d6 4. d4 cxd4 5. Qxd4 Bd7 6. Bxc6 Bxc6 7. c4 f5 8.
exf5 Qa5+ 9. Nbd2 Qxf5 10. O-O e5 11. Qe3 Qg6 12. b4 a6 13. Bb2 Nf6 14. a4 Be7
15. b5 Bxf3 16. Qxf3 Rb8 17. c5 Qc2 18. Qc3 Qxc3 19. Bxc3 Rc8 20. bxa6 bxa6 21.
cxd6 Rxc3 22. dxe7 Kxe7 23. Rfe1 Nd7 24. f4 Rb8 25. Ra2 Rbc8 26. Nf3 Rc1 27.
Rae2 Rxe1+ 28. Rxe1 Rc4 1/2-1/2

[Event "Aeroflot Open 2006"]
[Site "Moscu RUS"]
[Date "2006.02.11"]
[Round "4.12"]
[White "Asrian, Karen"]
[Black "Huzman, Alexander"]
[Result "1/2-1/2"]
[WhiteElo "2646"]
[BlackElo "2573"]
[PlyCount "77"]
[EventDate "2006.02.08"]
[EventType "swiss"]
[EventRounds "9"]
[EventCountry "RUS"]
[Source "lmi"]
[SourceDate "2006.02.18"]

1. e4 c5 2. Nf3 d6 3. d4 cxd4 4. Nxd4 Nf6 5. Nc3 a6 6. Be3 e6 7. a4 b6 8. g4
Bb7 9. Bg2 d5 10. e5 Nfd7 11. f4 Nc6 12. O-O Nxd4 13. Bxd4 Bc5 14. Ne2 Qc7 15.
c3 a5 16. Ng3 O-O 17. g5 g6 18. Rf2 Rfc8 19. Nf1 b5 20. axb5 Qb6 21. Ne3 Qxb5
22. h4 Bxd4 23. cxd4 a4 24. h5 Qb4 25. Qd2 Qxd2 26. Rxd2 Nb6 27. h6 Ba6 28. Bf1
Bxf1 29. Kxf1 Nc4 30. Nxc4 Rxc4 31. b3 Rb4 32. Rxa4 Rbxa4 33. bxa4 Rxa4 34. Ke2
Kf8 35. Rd3 Ke7 36. Ke3 Kd7 37. Rb3 Kc7 38. Rc3+ Kd7 39. Rb3 1/2-1/2

[Event "Aeroflot Open 2006"]
[Site "Moscu RUS"]
[Date "2006.02.11"]
[Round "4.15"]
[White "Volkov, Sergey"]
[Black "Sandipan, Chanda"]
[Result "1/2-1/2"]
[WhiteElo "2629"]
[BlackElo "2522"]
[PlyCount "119"]
[EventDate "2006.02.08"]
[EventType "swiss"]
[EventRounds "9"]
[EventCountry "RUS"]
[Source "lmi"]
[SourceDate "2006.02.18"]

1. d4 Nf6 2. c4 e6 3. Nc3 Bb4 4. f3 d5 5. a3 Bxc3+ 6. bxc3 c5 7. cxd5 Nxd5 8.
dxc5 Qa5 9. e4 Ne7 10. Be3 O-O 11. Qb3 Qc7 12. Nh3 Nd7 13. Nf2 Nxc5 14. Qc4 b6
15. Bxc5 bxc5 16. Nd3 Bb7 17. Qxc5 Rac8 18. Qxc7 Rxc7 19. Rc1 Rfc8 20. Kd2 Nc6
21. Rc2 Na5 22. Nc1 Rd8+ 23. Ke1 Bc6 24. Rd2 Rxd2 25. Kxd2 Rd7+ 26. Bd3 Nc4+
27. Ke2 Nxa3 28. Nb3 Bb5 29. Bxb5 Nxb5 30. Rc1 Rb7 31. Na5 Rc7 32. c4 Nd4+ 33.
Kd3 Rd7 34. Ke3 f5 35. exf5 Nxf5+ 36. Ke2 Nd4+ 37. Kf2 Rd6 38. c5 Ra6 39. c6
Nb5 40. Nb7 Nc7 41. Kg3 Kf8 42. Nc5 Ra5 43. h4 Ke7 44. h5 Rb5 45. Kh4 a5 46. g4
Rb6 47. Ra1 Rxc6 48. Rxa5 Nd5 49. Ne4 h6 50. Kg3 Rc7 51. Nc5 Kd6 52. Nd3 Rc3
53. Ra6+ Rc6 54. Ra8 Rc3 55. Nf2 Nf6 56. Ra4 e5 57. Nd1 Rb3 58. Nf2 Rc3 59. Rb4
Kc7 60. Ra4 1/2-1/2

[Event "Aeroflot Open 2006"]
[Site "Moscu RUS"]
[Date "2006.02.11"]
[Round "4.16"]
[White "Tregubov, Pavel V"]
[Black "Kempinski, Robert"]
[Result "0-1"]
[WhiteElo "2556"]
[BlackElo "2619"]
[PlyCount "136"]
[EventDate "2006.02.08"]
[EventType "swiss"]
[EventRounds "9"]
[EventCountry "RUS"]
[Source "lmi"]
[SourceDate "2006.02.18"]

1. d4 Nf6 2. c4 g6 3. Nc3 Bg7 4. e4 O-O 5. Nge2 d6 6. Ng3 c5 7. d5 e6 8. Be2
exd5 9. exd5 Re8 10. O-O Nbd7 11. Bf4 Ne5 12. Qd2 a6 13. Bg5 Qb6 14. b3 Qb4 15.
Rac1 b5 16. cxb5 axb5 17. Bxb5 Bd7 18. Be2 Bg4 19. Rfe1 Bxe2 20. Rxe2 Ned7 21.
Qf4 Ne5 22. Qxb4 cxb4 23. Bxf6 Bxf6 24. Nb5 Nd3 25. Rxe8+ Rxe8 26. Rd1 Nf4 27.
Nxd6 Rd8 28. Nge4 Be7 29. g3 Bxd6 30. gxf4 Bxf4 31. Rd4 Be5 32. Rxb4 Rxd5 33.
a4 Kg7 34. Rb7 Rd4 35. f3 Bf4 36. h3 Rd1+ 37. Kf2 Rh1 38. Nc5 Kf6 39. a5 Rh2+
40. Kf1 Be3 41. Ne4+ Ke6 42. b4 f5 43. Nc3 Rf2+ 44. Ke1 Rc2 45. Nd1 Bd2+ 46.
Kf1 Ra2 47. Rb6+ Kd5 48. a6 Kc4 49. b5 Ra1 50. Rb7 Bb4 51. Ke2 Ra2+ 52. Ke3 g5
53. f4 Bc5+ 54. Kf3 Ra3+ 55. Ke2 gxf4 56. Nb2+ Kd5 57. Nd3 f3+ 58. Kxf3 Rxd3+
59. Kf4 Ke6 60. Rxh7 Be3+ 61. Kf3 Ra3 62. Ke2 Bd4 63. Rh4 Ke5 64. Rh7 f4 65.
Re7+ Kf5 66. Rf7+ Ke4 67. Re7+ Be5 68. a7 f3+ 0-1

[Event "Aeroflot Open 2006"]
[Site "Moscu RUS"]
[Date "2006.02.11"]
[Round "4.19"]
[White "Guliyev, Namig"]
[Black "Aleksandrov, Aleksej"]
[Result "1/2-1/2"]
[WhiteElo "2588"]
[BlackElo "2653"]
[PlyCount "36"]
[EventDate "2006.02.08"]
[EventType "swiss"]
[EventRounds "9"]
[EventCountry "RUS"]
[Source "lmi"]
[SourceDate "2006.02.18"]

1. e4 e5 2. Nf3 Nc6 3. Bb5 Nf6 4. O-O Nxe4 5. Re1 Nd6 6. Nxe5 Be7 7. Bf1 Nxe5
8. Rxe5 O-O 9. d4 Ne8 10. Nc3 Bf6 11. Re1 d5 12. Ne2 Bf5 13. Ng3 Bg6 14. c3 c6
15. Nh5 Be7 16. Bf4 Nf6 17. Nxf6+ Bxf6 18. Qd2 Qd7 1/2-1/2

[Event "Aeroflot Open 2006"]
[Site "Moscu RUS"]
[Date "2006.02.11"]
[Round "4.21"]
[White "Azarov, Sergei"]
[Black "Izoria, Zviad"]
[Result "1/2-1/2"]
[WhiteElo "2581"]
[BlackElo "2652"]
[PlyCount "51"]
[EventDate "2006.02.08"]
[EventType "swiss"]
[EventRounds "9"]
[EventCountry "RUS"]
[Source "lmi"]
[SourceDate "2006.02.18"]

1. e4 c5 2. Nf3 d6 3. d4 cxd4 4. Nxd4 Nf6 5. Nc3 a6 6. Bg5 Nc6 7. Qd2 e6 8.
O-O-O Bd7 9. f3 Be7 10. h4 h6 11. Be3 h5 12. Kb1 Ne5 13. Bg5 b5 14. Bd3 Rc8 15.
Rhe1 Nxd3 16. cxd3 g6 17. f4 Ng4 18. Bxe7 Qxe7 19. g3 O-O 20. Nce2 e5 21. Nf3
Bc6 22. Rc1 f6 23. Ka1 Kg7 24. a3 Bb7 25. Nc3 Rc7 26. d4 1/2-1/2

[Event "Aeroflot Open 2006"]
[Site "Moscu RUS"]
[Date "2006.02.11"]
[Round "4.22"]
[White "Najer, Evgeniy"]
[Black "Savchenko, Boris"]
[Result "1-0"]
[WhiteElo "2652"]
[BlackElo "2569"]
[PlyCount "71"]
[EventDate "2006.02.08"]
[EventType "swiss"]
[EventRounds "9"]
[EventCountry "RUS"]
[Source "lmi"]
[SourceDate "2006.02.18"]

1. d4 Nf6 2. c4 c6 3. Nc3 d5 4. Nf3 a6 5. c5 Nbd7 6. Bf4 Nh5 7. Bd2 Nhf6 8. Qc2
Qc7 9. e4 e5 10. exd5 cxd5 11. O-O-O Be7 12. g4 Nxc5 13. dxe5 Bxg4 14. exf6
Bxf3 15. fxg7 Rg8 16. Qxh7 Rxg7 17. Qxg7 Bxh1 18. Kb1 Ne6 19. Qg8+ Bf8 20. Bh3
Bf3 21. Re1 O-O-O 22. Bg5 Re8 23. Re3 Bh5 24. Nxd5 Qxh2 25. Bxe6+ fxe6 26. Rc3+
Kb8 27. Bf4+ Bd6 28. Bxh2 Rxg8 29. Bxd6+ Ka7 30. Bc5+ Kb8 31. Bd6+ Ka7 32. Bc5+
Kb8 33. Nf4 Be8 34. Nxe6 Rg1+ 35. Kc2 Bg6+ 36. Kd2 1-0

[Event "Aeroflot Open 2006"]
[Site "Moscu RUS"]
[Date "2006.02.11"]
[Round "4.24"]
[White "Rustemov, Alexander"]
[Black "Bu, Xiangzhi"]
[Result "1/2-1/2"]
[WhiteElo "2573"]
[BlackElo "2645"]
[PlyCount "92"]
[EventDate "2006.02.08"]
[EventType "swiss"]
[EventRounds "9"]
[EventCountry "RUS"]
[Source "lmi"]
[SourceDate "2006.02.18"]

1. d4 d5 2. Nf3 Nf6 3. c4 c6 4. cxd5 cxd5 5. Nc3 Nc6 6. Bf4 Bf5 7. e3 e6 8. Qb3
Bb4 9. Bb5 O-O 10. O-O Qe7 11. Bxc6 bxc6 12. Na4 Nh5 13. Rfc1 Rfc8 14. a3 Nxf4
15. exf4 Bd6 16. Qe3 Be4 17. Nd2 Bg6 18. g3 f6 19. Re1 Re8 20. Nf3 Be4 21. Rac1
Rac8 22. Nc5 Bxf3 23. Qxf3 e5 24. b4 e4 25. Qb3 f5 26. Nd3 Qf7 27. Ne5 Bxe5 28.
fxe5 f4 29. f3 fxg3 30. hxg3 exf3 31. Re3 Rf8 32. Rf1 f2+ 33. Kg2 Qf5 34. Qd3
Qg4 35. Rxf2 Rxf2+ 36. Kxf2 Rf8+ 37. Ke1 Qh5 38. Kd2 Qh2+ 39. Re2 Rf2 40. Rxf2
Qxf2+ 41. Kc1 h5 42. Qc3 Qf1+ 43. Kd2 Qf2+ 44. Kc1 Qf1+ 45. Kd2 Qg2+ 46. Kc1
Qf1+ 1/2-1/2

[Event "Aeroflot Open 2006"]
[Site "Moscu RUS"]
[Date "2006.02.11"]
[Round "4.25"]
[White "Zhang, Pengxiang"]
[Black "Shariyazdanov, Andrey"]
[Result "1/2-1/2"]
[WhiteElo "2638"]
[BlackElo "2583"]
[PlyCount "96"]
[EventDate "2006.02.08"]
[EventType "swiss"]
[EventRounds "9"]
[EventCountry "RUS"]
[Source "lmi"]
[SourceDate "2006.02.18"]

1. e4 d6 2. d4 e5 3. Ne2 Nf6 4. Nbc3 Be7 5. f3 O-O 6. Be3 exd4 7. Qxd4 Nc6 8.
Qd2 Ne5 9. Ng3 c6 10. Be2 b5 11. O-O Re8 12. Kh1 Bf8 13. Bd4 Ng6 14. a3 a5 15.
Rfe1 Rb8 16. Bf1 b4 17. axb4 axb4 18. Nce2 c5 19. Bf2 Be6 20. Rad1 Ra8 21. Nf4
Nxf4 22. Qxf4 Nd7 23. Nf5 Qf6 24. Bh4 Qe5 25. Qxe5 dxe5 26. Bb5 Ra7 27. Ne3 Rb8
28. Bc6 Nb6 29. Ra1 Rc7 30. Bb5 c4 31. Bf2 Nd7 32. Bxd7 Rxd7 33. Kg1 b3 34. Re2
g6 35. cxb3 cxb3 36. Ra5 Rc8 37. g4 f6 38. Kg2 Kf7 39. g5 fxg5 40. Rxe5 h6 41.
Rb5 Bg7 42. Nd5 Rc2 43. Rxc2 bxc2 44. Rc5 Bxd5 45. exd5 Rxd5 46. Rxc2 Rb5 47.
h3 Bxb2 48. Rc7+ Ke6 1/2-1/2

[Event "Aeroflot Open 2006"]
[Site "Moscu RUS"]
[Date "2006.02.11"]
[Round "4.26"]
[White "Movsesian, Sergei"]
[Black "Yevseev, Denis"]
[Result "0-1"]
[WhiteElo "2632"]
[BlackElo "2557"]
[PlyCount "134"]
[EventDate "2006.02.08"]
[EventType "swiss"]
[EventRounds "9"]
[EventCountry "RUS"]
[Source "lmi"]
[SourceDate "2006.02.18"]

1. e4 c6 2. d4 d5 3. e5 c5 4. dxc5 e6 5. a3 Nc6 6. Nf3 Bxc5 7. b4 Bb6 8. Bd3
Nge7 9. O-O Ng6 10. Re1 f6 11. Bxg6+ hxg6 12. Bb2 Rh5 13. Qd3 Kf7 14. Nbd2 Bc7
15. exf6 gxf6 16. c4 dxc4 17. Qc3 Ne5 18. Rad1 Qe7 19. Nxc4 Nxf3+ 20. Qxf3
Bxh2+ 21. Kf1 Rf5 22. Qh3 Rh5 23. Qf3 Rf5 24. Qe4 Bd7 25. Qh4 Rh5 26. Qxf6+
Qxf6 27. Rxd7+ Ke8 28. Bxf6 Kxd7 29. g4 Rd5 30. Kg2 Bf4 31. Rh1 Rf8 32. Rh7+
Kc8 33. Bb2 Rd7 34. Rh1 Rc7 35. Ne5 Bxe5 36. Bxe5 Rc2 37. Bg3 Rc4 38. Rh7 e5
39. Bxe5 Rxg4+ 40. Bg3 Rc4 41. Rg7 Rc6 42. Be5 Rd8 43. b5 Rc5 44. Bf4 Re8 45.
a4 Rc4 46. Bg3 Re6 47. Kh3 a5 48. Rg8+ Kd7 49. Bh4 b6 50. Rg7+ Kd6 51. Rb7 Kd5
52. Bd8 Rxa4 53. Bxb6 Ra3+ 54. Kg2 a4 55. Be3 Rb3 56. b6 Re4 57. Ra7 Reb4 58.
Ra5+ Ke6 59. Ra8 Rc4 60. Ra6 Kd5 61. Ra8 Ke4 62. Ra7 Kd3 63. b7 Kc2 64. Bh6
Rg4+ 65. Kf1 Kd3 66. f4 Rb1+ 67. Kf2 Rgg1 0-1

[Event "Aeroflot Open 2006"]
[Site "Moscu RUS"]
[Date "2006.02.11"]
[Round "4.27"]
[White "Shchekachev, Andrei"]
[Black "Sadvakasov, Darmen"]
[Result "1-0"]
[WhiteElo "2570"]
[BlackElo "2629"]
[PlyCount "107"]
[EventDate "2006.02.08"]
[EventType "swiss"]
[EventRounds "9"]
[EventCountry "RUS"]
[Source "lmi"]
[SourceDate "2006.02.18"]

1. Nf3 Nf6 2. c4 b6 3. g3 c5 4. Bg2 Bb7 5. O-O e6 6. Nc3 Be7 7. d3 d5 8. cxd5
exd5 9. d4 O-O 10. Bf4 Na6 11. Rc1 Ne4 12. dxc5 Nxc3 13. Rxc3 bxc5 14. Rb3 Qc8
15. Ne5 Rd8 16. Bh3 Qxh3 17. Rxb7 Qe6 18. Qa4 Rdb8 19. Rxe7 Qxe7 20. Qxa6 Rxb2
21. Nd3 Rc2 22. Bd6 Qe8 23. Bxc5 Qc8 24. Qa3 Rxe2 25. Nf4 Rc2 26. Bd4 h6 27.
Nxd5 Qe6 28. Ne7+ Kh8 29. Qf3 Rd8 30. Nf5 f6 31. Bxa7 Rxa2 32. Be3 Ra5 33. Nh4
Rda8 34. Ng6+ Kh7 35. Nf4 Qe5 36. h4 Ra1 37. h5 Rxf1+ 38. Kxf1 Ra1+ 39. Kg2 Qb5
40. Qe4+ f5 41. Qd3 Qxd3 42. Nxd3 Rd1 43. Nf4 Kg8 44. Ng6 Kf7 45. Kf3 Ke6 46.
Bf4 Rd3+ 47. Kg2 Rd5 48. Bxh6 Kf6 49. Be3 Ra5 50. Bd4+ Kf7 51. Nh4 Rd5 52. Nf3
Kg8 53. Kh3 Kh7 54. Kh4 1-0

[Event "Aeroflot Open 2006"]
[Site "Moscu RUS"]
[Date "2006.02.12"]
[Round "5.1"]
[White "Akopian, Vladimir"]
[Black "Eljanov, Pavel"]
[Result "1/2-1/2"]
[WhiteElo "2704"]
[BlackElo "2655"]
[PlyCount "52"]
[EventDate "2006.02.08"]
[EventType "swiss"]
[EventRounds "9"]
[EventCountry "RUS"]
[Source "lmi"]
[SourceDate "2006.02.18"]

1. e4 c5 2. Nf3 Nc6 3. Bb5 e6 4. Bxc6 bxc6 5. b3 f6 6. O-O Nh6 7. d4 Nf7 8. Ba3
cxd4 9. Bxf8 Kxf8 10. Qxd4 e5 11. Qd2 d5 12. Rd1 d4 13. Ne1 Ng5 14. f4 exf4 15.
Qxf4 Kf7 16. Nd2 Re8 17. Nd3 Kg8 18. Re1 Ba6 19. e5 Bxd3 20. cxd3 Qc7 21. Qxd4
fxe5 22. Qe3 h6 23. Rac1 Rad8 24. Nf3 Nxf3+ 25. Qxf3 Qb6+ 26. Kh1 Qa6 1/2-1/2

[Event "Aeroflot Open 2006"]
[Site "Moscu RUS"]
[Date "2006.02.12"]
[Round "5.3"]
[White "Malakhov, Vladimir"]
[Black "Dyachkov, Sergej"]
[Result "1-0"]
[WhiteElo "2694"]
[BlackElo "2554"]
[PlyCount "74"]
[EventDate "2006.02.08"]
[EventType "swiss"]
[EventRounds "9"]
[EventCountry "RUS"]
[Source "lmi"]
[SourceDate "2006.02.18"]

1. d4 Nf6 2. c4 g6 3. Nc3 Bg7 4. e4 d6 5. Bd3 O-O 6. Nge2 c5 7. d5 e6 8. h3
exd5 9. exd5 Nbd7 10. f4 Nh5 11. O-O f5 12. Bd2 Ndf6 13. Qc2 Bd7 14. a3 a6 15.
b4 cxb4 16. axb4 b5 17. Be3 Re8 18. Bd4 bxc4 19. Bxc4 Ne4 20. Qd3 Qb8 21. Rab1
Nxc3 22. Qxc3 Re4 23. Bxg7 Nxg7 24. Bd3 Qb6+ 25. Kh2 Re3 26. Nd4 Rc8 27. Nc6
Bxc6 28. dxc6 Rxc6 29. Qb3+ Ne6 30. Qa2 Rc3 31. Bc4 Kf7 32. Rbe1 d5 33. Bxd5
Qd6 34. Rxe3 Rxe3 35. Qd2 Qb6 36. Rc1 Kg7 37. Bxe6 Qxe6 1-0

[Event "Aeroflot Open 2006"]
[Site "Moscu RUS"]
[Date "2006.02.12"]
[Round "5.5"]
[White "Kempinski, Robert"]
[Black "Georgiev, Kiril"]
[Result "1/2-1/2"]
[WhiteElo "2619"]
[BlackElo "2645"]
[PlyCount "52"]
[EventDate "2006.02.08"]
[EventType "swiss"]
[EventRounds "9"]
[EventCountry "RUS"]
[Source "lmi"]
[SourceDate "2006.02.18"]

1. d4 Nf6 2. c4 e6 3. Nf3 d5 4. Nc3 dxc4 5. e4 Bb4 6. Bg5 c5 7. e5 cxd4 8. Nxd4
Bxc3+ 9. bxc3 Qa5 10. exf6 Qxg5 11. fxg7 Qxg7 12. Qd2 O-O 13. Bxc4 Rd8 14. Qe3
Bd7 15. O-O Nc6 16. Nf3 Ne7 17. Ne5 Ng6 18. f4 Rac8 19. Be2 Bc6 20. Bf3 Bd5 21.
Bxd5 Rxd5 22. Qxa7 Nxf4 23. Rxf4 Qxe5 24. Raf1 Rd7 25. Qf2 f5 26. Rd4 Rxd4
1/2-1/2

[Event "Aeroflot Open 2006"]
[Site "Moscu RUS"]
[Date "2006.02.12"]
[Round "5.6"]
[White "Fressinet, Laurent"]
[Black "Popov, Valerij"]
[Result "1/2-1/2"]
[WhiteElo "2625"]
[BlackElo "2592"]
[PlyCount "38"]
[EventDate "2006.02.08"]
[EventType "swiss"]
[EventRounds "9"]
[EventCountry "RUS"]
[Source "lmi"]
[SourceDate "2006.02.18"]

1. e4 c5 2. Nf3 d6 3. d4 Nf6 4. Nc3 cxd4 5. Nxd4 a6 6. Be3 e5 7. Nf3 Be7 8. Bc4
O-O 9. O-O Be6 10. Bb3 Nc6 11. Bg5 Rc8 12. Bxf6 Bxf6 13. Nd5 Bg5 14. Qd3 Na5
15. Rfd1 g6 16. Nc3 Be7 17. Qe2 Qc7 18. Rd3 Kg7 19. Nd2 b5 1/2-1/2

[Event "Aeroflot Open 2006"]
[Site "Moscu RUS"]
[Date "2006.02.12"]
[Round "5.8"]
[White "Sargissian, Gabriel"]
[Black "Efimenko, Zahar"]
[Result "1-0"]
[WhiteElo "2603"]
[BlackElo "2666"]
[PlyCount "91"]
[EventDate "2006.02.08"]
[EventType "swiss"]
[EventRounds "9"]
[EventCountry "RUS"]
[Source "lmi"]
[SourceDate "2006.02.18"]

1. d4 Nf6 2. c4 e6 3. Nf3 b6 4. g3 Ba6 5. b3 Bb4+ 6. Bd2 Be7 7. Bg2 c6 8. Ne5
d5 9. Bc3 Nfd7 10. Nxd7 Nxd7 11. Nd2 O-O 12. O-O Rc8 13. e4 b5 14. Re1 dxe4 15.
Nxe4 bxc4 16. Bf1 Nb6 17. Nc5 Nd5 18. Qf3 Nxc3 19. Qxc3 Qb6 20. b4 Rfd8 21. a4
Bxc5 22. dxc5 Qc7 23. Rab1 Rb8 24. Bxc4 Bxc4 25. Qxc4 Rd5 26. Red1 h6 27. Rxd5
exd5 28. Qd4 a6 29. Kg2 Qe7 30. Rb3 Qb7 31. h4 Re8 32. Re3 Rb8 33. h5 Kf8 34.
Qe5 Rd8 35. b5 axb5 36. axb5 d4 37. Re4 cxb5 38. c6 Qa8 39. c7 Rc8 40. f3 d3
41. Rd4 Re8 42. Qd6+ Kg8 43. Qd8 Qa2+ 44. Kh3 Qe6+ 45. g4 d2 46. Re4 1-0

[Event "Aeroflot Open 2006"]
[Site "Moscu RUS"]
[Date "2006.02.12"]
[Round "5.9"]
[White "Jakovenko, Dmitry"]
[Black "Shchekachev, Andrei"]
[Result "1-0"]
[WhiteElo "2662"]
[BlackElo "2570"]
[PlyCount "49"]
[EventDate "2006.02.08"]
[EventType "swiss"]
[EventRounds "9"]
[EventCountry "RUS"]
[Source "lmi"]
[SourceDate "2006.02.18"]

1. e4 c5 2. Nf3 d6 3. d4 cxd4 4. Nxd4 Nf6 5. Nc3 a6 6. Be3 Nc6 7. Be2 e6 8. a4
Be7 9. O-O O-O 10. f4 Qc7 11. Kh1 Re8 12. a5 Nxa5 13. e5 dxe5 14. fxe5 Qxe5 15.
Bf4 Qc5 16. Na4 Qa7 17. Be3 Nd5 18. Bg1 b5 19. Nxb5 Qb8 20. Nbc3 Bd8 21. Bf3
Bb7 22. Nc5 Nxc3 23. bxc3 Bxf3 24. Qxf3 f6 25. Nxe6 1-0